Official Country Names Quiz Stats

 Plays Quiz not verified by Sporcle

Score 0/25 Timer 10:00
0 Plays Today
Country Name Legal Country Name % Correct
LuxembourgGrand Duchy of Luxembourg
78.6%
United KingdomUnited Kingdom of Great Britain and Northern Ireland
78.6%
North KoreaDemocratic People's Republic of Korea
71.4%
LiechtensteinPrincipality of Liechtenstein
64.3%
MoroccoKingdom of Morocco
64.3%
SwitzerlandSwiss Confederation
64.3%
AfghanistanIslamic Republic of Afghanistan
57.1%
OmanSultanate of Oman
57.1%
GreeceHellenic Republic
50%
VenezuelaBolivarian Republic of Venezuela
50%
JordanHashemite Kingdom of Jordan
42.9%
MexicoUnited Mexican States
42.9%
GabonGabonese Republic
35.7%
Country Name Legal Country Name % Correct
GuyanaCo-operative Republic of Guyana
35.7%
UruguayOriental Republic of Uruguay
35.7%
BangladeshPeople's Republic of Bangladesh
28.6%
ComorosUnion of Comoros
28.6%
EritreaState of Eritrea
28.6%
UkraineUkraine
28.6%
BarbadosBarbados
21.4%
BruneiNation of Brunei, Abode of Peace
21.4%
MyanmarRepublic of the Union of Myanmar
21.4%
Papua New GuineaIndependent State of Papua New Guinea
21.4%
NepalFederal Democratic Republic of Nepal
21.4%
Sri LankaDemocratic Socialist Republic of Sri Lanka
21.4%

You're not logged in!

Compare scores with friends on all Sporcle quizzes.
OR
Log In

Sporcle TV

Today on Sporcle TV


Watch our educational content, quiz creation guides, and fun videos on Sporcle TV.

Show Comments

Extras

Created Jul 27, 2016ReportNominate
Tags:Country Quiz, legal, official

Top Quizzes Today


Score Distribution

Your Account Isn't Verified!

In order to create a playlist on Sporcle, you need to verify the email address you used during registration. Go to your Sporcle Settings to finish the process.

Report this User

Report this user for behavior that violates our Community Guidelines.

Details: